000 00557nam a2200193Ia 4500
003 GCL
008 140319s9999 xx 000 0 ara d
040 _aGCL /
_cGCL
082 0 4 _aق
_b810.80862
_bع ا
100 1 _aعطية عامر
245 1 0 _aالادب الفرعونى /
_cعطية عامر
300 _a398 ص
490 _a
650 0 4 _aالادب المصرى القديم
650 0 4 _aالادب المصرى
650 0 4 _aالحضارة الفرعونية
650 0 4 _aالحضارة المصرية القديمة
942 _2ddc
_cBK
999 _c38424
_d38424